000 01718cam a22004574i 4500
003 PE-LiUPU
005 20250731172902.0
008 150706s2016 txu r 000 0 eng d
020 _a1481304917
020 _a9781481304917
035 _a(Sirsi) a165986
040 _aPE-LiUPU
_bspa
_cPE-LiUPU
_erda
049 _aPRUA
082 0 4 _a226.066
_bH28
_221
100 1 _aHays, Richard B.,
_eautor.
245 0 0 _aEchoes of Scripture in the gospels /
_cRichard B. Hays.
264 1 _aWaco, Texas :
_bBaylor University Press,
_c2016.
300 _axix, 504 páginas ;
_c24 centímetros.
336 _atext
_2rdacontent
337 _aunmediated
_2rdamedia
338 _avolume
_2rdacarrier
505 0 _aIntroduction: Figural interpretation of Israel's scripture -- The evangelists as readers of Israel's scripture. The Gospel of Mark: herald of mystery -- The Gospel of Matthew: Torah transfigured -- The Gospel of Luke: the liberation of Israel -- The Gospel of John: the temple of his body.
526 _aSEG42
526 _aSEG41
526 _aSEG40
526 _aSEG39
526 _aP94
526 _aP87
526 _aP86
526 _aP85
526 _aP77
526 _aP76
526 _aP35
650 0 4 _aBiblia. Evangelios - Crítica, interpretación, etc.
650 0 4 _aBiblia. Evangelios. - Relación con el Antiguo Testamento.
942 _2ddc
_cBOOK
994 _aC0
_bPEPRU
596 _a1
999 _a226.066 H28
_wLC
_c14723
_i75211
_d14723
_e2017-9-17
_f2021-11-9
_g5
_lCCODEBUL1
_mBUL
_n2
_p34.95
_r0
_sY
_tBOOK
_u2017-1-11
_xTEOLOGIA
_PP85
_0COMPRA
_o.STAFF. Colección Teología
980 _81
_gALBERTO SANCHEZ Responsable de Automatización